Quando crescer quero ser... Futebolista (Registo nº 202123)
[ vista simples ]
| 000 -Etiqueta do registo | |
|---|---|
| Valores | 00681nam 22002293 4500 |
| 021 ## - Número do Depósito Legal | |
| Código do país | Portugal |
| Número | 215552/04 |
| 100 ## - Dados gerais de processamento | |
| Dados gerais | 20260511d u||y0pory50 ba |
| 101 ## - Língua de publicação | |
| Língua | Português |
| 102 ## - País de publicação | |
| País | Portugal |
| 200 ## - Titulo e menção de responsabilidade | |
| Título próprio | Quando crescer quero ser... Futebolista |
| Primeira menção de responsabilidade | textos Fátima Sobral |
| Outras menções de responsabilidade | ilustrações Telmo Fonseca |
| 210 ## - Publicação | |
| Local de publicação | Sintra |
| Data de publicação | Impala Editores |
| Nome do editor | cop. 2005 |
| 215 ## - Descrição física | |
| Paginação / Volumes | [13] p. |
| Dimensões | 29 cm |
| Outras indicações físicas | il.; cartonado |
| 225 ## - Colecção | |
| Título próprio da colecção | Quando crescer quero ser... |
| 606 ## - Nome comum usado como assunto | |
| Palavra de ordem | Literatura Infantil Portuguesa |
| ID Autoridade | 22 |
| 675 ## - CDU | |
| Notação | 821.134.3-93 |
| Edição | PT |
| Língua | por |
| 700 ## - Autor principal (pessoa individual) | |
| Apelido | Sobral |
| ID Autoridade | 742 |
| Nome | Fatima |
| 702 ## - Autor secundário (pessoa individual) | |
| ID Autoridade | 1676 |
| Apelido | Fernandes |
| Nome | Célia |
| 801 ## - Fonte de origem | |
| País | PT |
| Agência | BMMN |
| Regras de catalogação | RPC |
| 830 ## - Notas gerais do catalogador | |
| Criado por | Isabel |
| 990 ## - Elementos KOHA | |
| Tipo de documento | Livro |
| Situação do levantamento | Biblioteca de origem | Código de barras | Cota | Permissão de empréstimo | Tipo de documento | Forma de aquisição |
|---|---|---|---|---|---|---|
| Biblioteca Municipal de Montemor-o-Novo | 31547 | 821.134.3-93 SOB|AIJ | Livro | Oferta |